|
|
|
|
| LEADER |
01320nam a2200277 a 4500 |
| 001 |
12253927 |
| 008 |
090614s2002 ohua b 001 0 eng d |
| 010 |
|
|
|a \\\00052315
|
| 020 |
|
|
|a 0324058810
|
| 040 |
|
|
|a DLC
|c DLC
|d DLC
|
| 082 |
0 |
0 |
|a 338.5/024/658
|2 21
|
| 100 |
1 |
|
|a McGuigan, James R.
|
| 245 |
1 |
0 |
|a Managerial economics :
|b applications, strategy, and tactics /
|c James R. McGuigan, R. Charles Moyer, Frederick H. deB. Harris.
|
| 250 |
|
|
|a 9th ed.
|
| 260 |
|
|
|a Cincinnati, Ohio :
|b South-Western,
|c c2002.
|
| 300 |
|
|
|a 1 v. (various pagings) :
|b ill. ;
|c 26 cm.
|
| 504 |
|
|
|a Includes bibliographical references and index.
|
| 541 |
1 |
|
|e 00009587
|
| 650 |
|
0 |
|a Managerial economics.
|
| 650 |
|
0 |
|a Managerial economics
|v Problems, exercises, etc.
|
| 700 |
1 |
|
|a Moyer, R. Charles,
|d 1945-
|
| 700 |
1 |
|
|a Harris, Frederick H. deB.
|
| 852 |
4 |
|
|a Ayesha Abed Library
|j General shelf
|
| 999 |
|
|
|c 1272
|d 1272
|
| 952 |
|
|
|0 0
|1 0
|2 ddc
|4 0
|6 338_502465800000000_MCG
|7 0
|9 1157
|a SCL
|b SCL
|c GEN
|d 2009-06-25
|g 0.00
|l 1
|m 15
|o 338.5024658 MCG
|p 3010009587
|r 2015-01-01
|s 2014-09-14
|t 1
|w 2009-06-25
|y BK
|x No price found in the accession register.
|
| 952 |
|
|
|0 0
|1 0
|2 ddc
|4 0
|6 338_502465800000000_MCG
|7 0
|9 14498
|a SCL
|b SCL
|c GEN
|d 2011-03-01
|l 2
|m 9
|o 338.5024658 MCG
|p 3010011565
|r 2014-08-12
|s 2014-07-08
|t 2
|w 2011-03-01
|y BK
|x Transferred from BRACUL to SCL on 08/08/22
|